MARC

LEADER 00000nas a2200000 a 4500
001 ssj0000498807
003 WaSeSS
005 20200512172242.0
006 m d
007 cr n
008 101102c20099999bl tr p s 0 0por c
010 |a  2012243277 
016 7 |a 2619896-4  |2 DE-600 
016 7 |a 101564774  |2 DNLM 
022 |a 1984-6487  |l 1984-6487 
035 |a (WaSeSS)ssj0000498807 
040 |a INU  |b eng  |c INU  |d OCLCQ  |d HEBIS  |d NLM  |d OCLCQ  |d CUS  |d OCLCO  |d OCLCQ  |d OCLCO  |d OCLCF  |d NTG  |d OCLCO  |d OCLCA  |d WaSeSS 
041 0 |a por  |a spa  |a eng 
042 |a pcc 
043 |a cl----- 
050 1 4 |a HQ18.L29 
060 1 0 |a W1 
210 1 0 |a Sex Salud Soc (Rio J)  |2 dnlm 
222 0 |a Sexualidad, Salud y Sociedad  |b (Rio de Janeiro) 
245 0 0 |a Sexualidad, salud y sociedad  |h [electronic resource] :  |b revista Latinoamericana. 
246 1 3 |a Sexuality, health and society 
260 |a Rio de Janeiro, Brasil :  |b CLAM/IMS/UERJ,  |c 2009- 
310 |a Three times a year 
362 1 |a Began with number 1 (2009). 
506 |a License restrictions may limit access. 
546 |a Articles in Portuguese, Spanish or English. 
588 |a Description based on: Number 1 (2009); title from HTML header (viewed Nov. 1, 2010). 
588 |a Latest issue consulted: N. 10 (abr. 2012) (viewed Apr. 3, 2012). 
610 2 0 |a Centro Latino Americano em Sexualidade e Direitos Humanos  |v Periodicals. 
610 2 2 |a Centro Latino Americano em Sexualidade e Direitos Humanos. 
650 0 |a Sex  |z Latin America  |v Periodicals. 
650 0 |a Sex role  |z Latin America  |v Periodicals. 
650 0 |a Public health  |z Latin America  |v Periodicals. 
650 1 2 |a Sexual Behavior. 
650 2 2 |a Public Health. 
650 2 2 |a Social Conditions. 
650 7 |a Public health.  |2 fast  |0 (OCoLC)fst01082238 
650 7 |a Sex.  |2 fast  |0 (OCoLC)fst01114160 
650 7 |a Sex role.  |2 fast  |0 (OCoLC)fst01114598 
650 7 |a Social conditions.  |2 fast  |0 (OCoLC)fst01919811 
651 0 |a Latin America  |x Social conditions  |v Periodicals. 
651 2 |a Latin America. 
651 7 |a Latin America.  |2 fast  |0 (OCoLC)fst01245945 
655 0 |a Electronic journals. 
710 2 |a Centro Latino Americano em Sexualidade e Direitos Humanos. 
710 2 |a Universidade do Estado do Rio de Janeiro.  |b Instituto de Medicina Social. 
856 4 0 |z Full text available from Research Library: 04/01/2015 to present  |u https://search.proquest.com/publication/2043467 
856 4 0 |z Full text available from PRISMA Database with HAPI Index: 04/01/2015 to 12/31/2016  |u https://search.proquest.com/publication/2044829